[Event "27. Open Internacional de Andorra"]
[Site "Andorra"]
[Date "2009.07.21"]
[Round "4.5"]
[White "Vega Gutierrez, Sabrina Neide"]
[Black "Lopez Martinez, Josep Manuel"]
[Result "0-1"]
[WhiteElo "2352"]
[BlackElo "2555"]
[PlyCount "98"]
[EventDate "2009.07.18"]
[EventType "swiss"]
[EventRounds "9"]
[EventCountry "AND"]
[Source "lmi"]
[SourceDate "2009.07.18"]

1. e4 c6 2. d4 d5 3. Nc3 dxe4 4. Nxe4 Bf5 5. Ng3 Bg6 6. h4 h6 7. Nf3 Nf6 8. Ne5
Bh7 9. Bd3 Bxd3 10. Qxd3 e6 11. Bd2 Nbd7 12. f4 c5 13. O-O-O Be7 14. dxc5 Nxe5
15. Qxd8+ Rxd8 16. fxe5 Nd7 17. Ba5 Rc8 18. Ne4 Nxc5 19. Nd6+ Bxd6 20. Rxd6 b6
21. Bb4 Ne4 22. Rd4 Ng3 23. Re1 Nf5 24. Rde4 h5 25. a4 Rh6 26. Bd2 Rg6 27. Bg5
f6 28. exf6 gxf6 29. Rxe6+ Kf7 30. Bd2 Rxc2+ 31. Kxc2 Nd4+ 32. Kb1 Nxe6 33. Rf1
Nc5 34. Rf5 Rxg2 35. Bc1 Nd3 36. Rxh5 Ke6 37. Rh7 Rg1 38. Kc2 Nxc1 39. Rxa7 Kd5
40. Ra6 Ne2 41. Rxb6 Nd4+ 42. Kd2 f5 43. h5 f4 44. Rb7 f3 45. Ke3 Re1+ 46. Kf2
Re2+ 47. Kg3 Rg2+ 48. Kh3 Rg1 49. Rf7 Ke6 0-1

[Event "27. Open Internacional de Andorra"]
[Site "Andorra"]
[Date "2009.07.21"]
[Round "4.10"]
[White "De La Riva Aguado, Oscar"]
[Black "Demuth, Adrien"]
[Result "1/2-1/2"]
[WhiteElo "2532"]
[BlackElo "2339"]
[PlyCount "33"]
[EventDate "2009.07.18"]
[EventType "swiss"]
[EventRounds "9"]
[EventCountry "AND"]
[Source "lmi"]
[SourceDate "2009.07.18"]

1. e4 c5 2. Nf3 Nc6 3. Bb5 e6 4. O-O Nge7 5. b3 a6 6. Bxc6 Nxc6 7. Bb2 b6 8. c4
Bb7 9. Re1 Qc7 10. Na3 f6 11. Nc2 Be7 12. d4 cxd4 13. Nfxd4 O-O 14. Nxc6 Bxc6
15. Rc1 Bd6 16. Qh5 f5 17. e5 1/2-1/2

[Event "27. Open Internacional de Andorra"]
[Site "Andorra"]
[Date "2009.07.21"]
[Round "4.11"]
[White "Vernay, Clovis"]
[Black "Guramishvili, Sopiko"]
[Result "1-0"]
[WhiteElo "2463"]
[BlackElo "2339"]
[PlyCount "53"]
[EventDate "2009.07.18"]
[EventType "swiss"]
[EventRounds "9"]
[EventCountry "AND"]
[Source "lmi"]
[SourceDate "2009.07.18"]

1. d4 d5 2. c4 c6 3. Nf3 Nf6 4. e3 Bg4 5. h3 Bxf3 6. Qxf3 e6 7. Nc3 Nbd7 8. Bd3
Bd6 9. O-O O-O 10. Rd1 Re8 11. Bf1 Qe7 12. g3 Rad8 13. b3 e5 14. cxd5 e4 15.
Qf5 g6 16. Qg5 Kg7 17. dxc6 Ne5 18. dxe5 Bxe5 19. Ba3 Qc7 20. Rxd8 Qxd8 21. Rd1
Qa5 22. Bd6 Qxc3 23. cxb7 Nd7 24. Bb4 Qc6 25. Rxd7 Qxd7 26. Qxe5+ Rxe5 27. b8=Q
1-0

[Event "27. Open Internacional de Andorra"]
[Site "Andorra"]
[Date "2009.07.21"]
[Round "4.12"]
[White "Fraser, Scott"]
[Black "Shytaj, Luca"]
[Result "0-1"]
[WhiteElo "2080"]
[BlackElo "2455"]
[PlyCount "48"]
[EventDate "2009.07.18"]
[EventType "swiss"]
[EventRounds "9"]
[EventCountry "AND"]
[Source "lmi"]
[SourceDate "2009.07.18"]

1. e4 c5 2. Nf3 d6 3. d4 cxd4 4. Nxd4 Nf6 5. Nc3 a6 6. Be2 e5 7. Nb3 Be7 8. Bg5
Nbd7 9. a4 h6 10. Bxf6 Nxf6 11. Bc4 Qc7 12. Qe2 Be6 13. Nd5 Bxd5 14. Bxd5 Nxd5
15. exd5 Rc8 16. c3 O-O 17. Nd2 f5 18. c4 Bg5 19. b3 Qb6 20. Rb1 Qb4 21. Rb2
Qc3 22. Rb1 Qc2 23. Rd1 Bxd2+ 24. Rxd2 Qxb3 0-1

[Event "27. Open Internacional de Andorra"]
[Site "Andorra"]
[Date "2009.07.21"]
[Round "4.13"]
[White "Zilberman, Yaacov"]
[Black "Abhishek, Kelkar"]
[Result "1/2-1/2"]
[WhiteElo "2439"]
[BlackElo "2158"]
[PlyCount "38"]
[EventDate "2009.07.18"]
[EventType "swiss"]
[EventRounds "9"]
[EventCountry "AND"]
[Source "lmi"]
[SourceDate "2009.07.18"]

1. d4 d5 2. c4 c6 3. Nc3 Nf6 4. Nf3 dxc4 5. a4 Bf5 6. e3 e6 7. Bxc4 Nbd7 8. O-O
Bb4 9. Qe2 Bg6 10. Rd1 O-O 11. h3 Qe7 12. Bd2 e5 13. dxe5 Nxe5 14. Nxe5 Qxe5
15. Ne4 Nxe4 16. Bxb4 Rfe8 17. Rd7 a5 18. Be1 Nc5 19. Rd4 Ne4 1/2-1/2

[Event "27. Open Internacional de Andorra"]
[Site "Andorra"]
[Date "2009.07.21"]
[Round "4.14"]
[White "Narciso Dublan, Marc"]
[Black "Schut, Lisa"]
[Result "0-1"]
[WhiteElo "2553"]
[BlackElo "2212"]
[PlyCount "96"]
[EventDate "2009.07.18"]
[EventType "swiss"]
[EventRounds "9"]
[EventCountry "AND"]
[Source "lmi"]
[SourceDate "2009.07.18"]

1. e4 c5 2. Nc3 d6 3. g3 g6 4. Bg2 Bg7 5. d3 Nc6 6. Nh3 Rb8 7. O-O e6 8. Be3 b5
9. Qd2 b4 10. Nd1 Bd7 11. a3 a5 12. axb4 axb4 13. c3 Na5 14. Qc2 Ne7 15. f4 c4
16. d4 Nb3 17. Rb1 O-O 18. Ndf2 Qa5 19. Ng5 Ba4 20. cxb4 Nxd4 21. Qxc4 Rxb4 22.
Bd2 Rxc4 23. Bxa5 Bc2 24. Nf3 Bxb1 25. Rxb1 Nb3 26. Be1 Rfc8 27. Rd1 d5 28. Ne5
Rc1 29. Ned3 Rxd1 30. Nxd1 Nc5 31. N1f2 Bd4 32. Kf1 dxe4 33. Nxc5 Rxc5 34. Nxe4
Rc2 35. Bc3 Bxc3 36. bxc3 Nd5 37. Bf3 Nxc3 38. Nf2 Nd5 39. Be4 Ra2 40. Kg2 Nc3
41. Bf3 f6 42. g4 e5 43. fxe5 fxe5 44. Kg3 Ne2+ 45. Kh4 Nf4 46. Kg3 Kg7 47. h4
Ra3 48. Ne4 Nh3 0-1

[Event "27. Open Internacional de Andorra"]
[Site "Andorra"]
[Date "2009.07.21"]
[Round "4.15"]
[White "Vila Gazquez, Javier"]
[Black "Quidiello Prado, Manuel Rogelio"]
[Result "1-0"]
[WhiteElo "2457"]
[BlackElo "2209"]
[PlyCount "45"]
[EventDate "2009.07.18"]
[EventType "swiss"]
[EventRounds "9"]
[EventCountry "AND"]
[Source "lmi"]
[SourceDate "2009.07.18"]

1. e4 e5 2. Nf3 Nf6 3. Nc3 Nc6 4. a3 d5 5. Bb5 d4 6. Ne2 Bd6 7. d3 h6 8. O-O
Be6 9. c3 dxc3 10. bxc3 Bd7 11. Ng3 Ne7 12. Bc4 b5 13. Ba2 c5 14. d4 cxd4 15.
cxd4 Nc6 16. Bb2 Qe7 17. Re1 g6 18. Qd2 Kf8 19. Rad1 Rd8 20. dxe5 Bxe5 21. Nxe5
Nxe5 22. Qd4 Rg8 23. f4 1-0

[Event "27. Open Internacional de Andorra"]
[Site "Andorra"]
[Date "2009.07.21"]
[Round "4.16"]
[White "Lamorelle, Julien"]
[Black "Huerga Leache, Mikel"]
[Result "0-1"]
[WhiteElo "2194"]
[BlackElo "2456"]
[PlyCount "98"]
[EventDate "2009.07.18"]
[EventType "swiss"]
[EventRounds "9"]
[EventCountry "AND"]
[Source "lmi"]
[SourceDate "2009.07.18"]

1. e4 e6 2. d4 d5 3. e5 c5 4. c3 Qb6 5. Nf3 Nc6 6. a3 Nh6 7. b4 cxd4 8. cxd4
Nf5 9. Be3 f6 10. b5 Nxe5 11. dxe5 Nxe3 12. fxe3 Qxe3+ 13. Qe2 Qc1+ 14. Qd1 Qb2
15. Nbd2 fxe5 16. Rb1 Qxa3 17. Nxe5 Qc3 18. Nef3 Bd6 19. Be2 O-O 20. O-O Qe3+
21. Kh1 Qh6 22. Nc4 Bg3 23. Nce5 Qh5 24. Qd4 Rf5 25. Qc5 Rxe5 26. Qf8+ Kxf8 27.
Nxe5+ Ke7 28. Nc6+ bxc6 29. Bxh5 Be5 30. Rf7+ Kd6 31. bxc6 Kxc6 32. Rc1+ Kd6
33. Rcc7 a5 34. Be2 Bf6 35. g3 Bd8 36. Rc1 a4 37. Bb5 a3 38. Rf8 Bb7 39. Rf7
Be7 40. Ra1 Ra5 41. Be8 Ra8 42. Bb5 d4+ 43. Kg1 Bd5 44. Rxg7 a2 45. Bd3 Ra3 46.
Bxh7 d3 47. Rxe7 Kxe7 48. Kf2 Kf6 49. Ke3 Kg7 0-1

[Event "27. Open Internacional de Andorra"]
[Site "Andorra"]
[Date "2009.07.21"]
[Round "4.17"]
[White "Lillo, Victor"]
[Black "Delorme, Axel"]
[Result "1/2-1/2"]
[WhiteElo "2314"]
[BlackElo "2434"]
[PlyCount "165"]
[EventDate "2009.07.18"]
[EventType "swiss"]
[EventRounds "9"]
[EventCountry "AND"]
[Source "lmi"]
[SourceDate "2009.07.18"]

1. e4 e5 2. Nc3 Nf6 3. Bc4 Nc6 4. d3 Na5 5. Nge2 c6 6. a4 Nxc4 7. dxc4 d6 8.
O-O Be6 9. Qd3 Be7 10. b3 Qc7 11. Ba3 O-O 12. Rfd1 Rfd8 13. Qf3 b6 14. h3 a6
15. Ng3 g6 16. Rd3 Nd7 17. Rad1 Nc5 18. Bxc5 bxc5 19. Nf5 Bf8 20. Qg4 Kh8 21.
Rg3 f6 22. Qh4 Qf7 23. Nh6 Qg7 24. Nf5 Qf7 25. Nh6 Qe7 26. Rxg6 hxg6 27. Nf5+
Qh7 28. Qxf6+ Kg8 29. Qxe6+ Qf7 30. Qxf7+ Kxf7 31. Ne3 Bh6 32. Ng4 Bg5 33. Kf1
Ke6 34. Ke2 Rd7 35. g3 Rf8 36. h4 Bd8 37. Rd3 Rdf7 38. Nd1 Ba5 39. Nh6 Rf6 40.
Ng4 R6f7 41. Nh6 Rh7 42. Ng4 Bb4 43. Nge3 Rhf7 44. Ng4 Ba3 45. Nh6 Rd7 46. Ng4
Bb4 47. Nge3 Ba5 48. Nc3 Rdf7 49. Ng4 Bb4 50. Nd1 Rc7 51. Nge3 Rcf7 52. Ng4 Ba3
53. Nh6 Rd7 54. Nc3 Bb4 55. Ng4 Rc8 56. Ne3 Bxc3 57. Rxc3 Rf7 58. Rd3 Rd8 59.
Ng4 Rfd7 60. Ne3 Rf8 61. Ng4 Ke7 62. Ne3 Kd8 63. Ng4 Kc7 64. Ke3 Rc8 65. Ke2
Kb6 66. Kd2 Kc7 67. Ke2 Re8 68. Re3 Re6 69. Rd3 Kb6 70. Ke3 Ka5 71. Ke2 Kb4 72.
Kd2 Rf7 73. Re3 Ka5 74. Ke2 Kb6 75. Rd3 Kc7 76. Re3 Kd7 77. Rd3 Ke7 78. Rd1 Rf8
79. Ke3 Kf7 80. Ke2 Rh8 81. Rd3 Kg7 82. Rf3 Rf8 83. Rd3 1/2-1/2

[Event "27. Open Internacional de Andorra"]
[Site "Andorra"]
[Date "2009.07.21"]
[Round "4.18"]
[White "Marin, Luiza"]
[Black "Panelo, Marcelo"]
[Result "0-1"]
[WhiteElo "2150"]
[BlackElo "2425"]
[PlyCount "82"]
[EventDate "2009.07.18"]
[EventType "swiss"]
[EventRounds "9"]
[EventCountry "AND"]
[Source "lmi"]
[SourceDate "2009.07.18"]

1. c4 Nf6 2. Nf3 e6 3. g3 d5 4. b3 b6 5. Bg2 Bb7 6. O-O Be7 7. Bb2 O-O 8. e3
Nbd7 9. Nc3 dxc4 10. bxc4 Nc5 11. d4 Nce4 12. Ne5 Nxc3 13. Bxc3 Bxg2 14. Kxg2
c5 15. Qf3 cxd4 16. exd4 Rc8 17. Rfd1 Qc7 18. Rac1 Bd6 19. c5 Bxe5 20. cxb6
Qxb6 21. dxe5 Nd5 22. Bd4 Qa5 23. Rxc8 Rxc8 24. Rb1 Qc7 25. Rb5 a6 26. Rb3 h6
27. h4 Rb8 28. Rxb8+ Qxb8 29. Qb3 Qa8 30. f3 h5 31. Qc4 Qb7 32. a4 a5 33. Qb5
Qc8 34. Bc5 Qc7 35. f4 Nc3 36. Qb6 Qd7 37. Qxa5 Qd5+ 38. Kh2 Ne4 39. Bb6 Qa2+
40. Kh3 Qe2 41. Qb5 Qf3 0-1

[Event "27. Open Internacional de Andorra"]
[Site "Andorra"]
[Date "2009.07.21"]
[Round "4.19"]
[White "Matnadze, Ana"]
[Black "Deshpande, Aniruddha"]
[Result "0-1"]
[WhiteElo "2413"]
[BlackElo "2211"]
[PlyCount "198"]
[EventDate "2009.07.18"]
[EventType "swiss"]
[EventRounds "9"]
[EventCountry "AND"]
[Source "lmi"]
[SourceDate "2009.07.18"]

1. d4 d5 2. Nf3 Nf6 3. c4 c6 4. e3 e6 5. Nbd2 Nbd7 6. Bd3 Bd6 7. e4 dxe4 8.
Nxe4 Nxe4 9. Bxe4 c5 10. O-O O-O 11. Bg5 Be7 12. Bxe7 Qxe7 13. d5 Nf6 14. Re1
Nxe4 15. Rxe4 Qd6 16. Qd3 exd5 17. Rh4 g6 18. cxd5 h5 19. h3 Bf5 20. Qd2 Rfe8
21. Rd1 Rad8 22. Qh6 Qf8 23. Qg5 Qe7 24. Qf4 Qd6 25. Qg5 Qe7 26. Rxh5 Qxg5 27.
Rxg5 Re2 28. d6 c4 29. Rd5 Be4 30. Rd4 Bxf3 31. gxf3 Rxb2 32. Rc5 Rxa2 33. Rc7
c3 34. Rxc3 Ra6 35. d7 Kf8 36. f4 f5 37. Rd5 Ke7 38. Rcd3 Re6 39. Kg2 a6 40.
Kg3 b5 41. Kh4 Rh8+ 42. Kg3 Rd8 43. Kh4 Kf6 44. Rc5 b4 45. Kg3 Rb6 46. Re5 Kf7
47. Rd1 b3 48. Red5 Ke7 49. Re5+ Kf7 50. Red5 a5 51. Rxa5 b2 52. Rb1 Rxd7 53.
Rc5 Rd3+ 54. Kg2 Rd2 55. h4 Kf6 56. Rc3 Ke6 57. Rc5 Kd6 58. Rc8 Rd4 59. Rc2
Rdb4 60. Rd1+ Ke6 61. Re1+ Kd5 62. Rb1 Ke4 63. Rd2 Kxf4 64. Rd3 Rb3 65. Rd4+
Ke5 66. Rd2 R6b4 67. Re1+ Kf4 68. Rb1 Kg4 69. Rd6 Kh5 70. f3 Rxh4 71. Rd2 Rhb4
72. Kf2 Kg5 73. Kg3 Rb6 74. Rd4 Kf6 75. Rd2 g5 76. Kf2 R6b4 77. Rc2 f4 78. Rd2
Rb6 79. Rc2 Ke5 80. Rd2 R6b5 81. Kg2 Kf5 82. Kf2 g4 83. fxg4+ Kxg4 84. Rg1+ Rg3
85. Rb1 Rh3 86. Kg1 Rhb3 87. Kg2 R5b4 88. Kf2 Rh3 89. Kg1 Rg3+ 90. Kf2 Rgb3 91.
Rc2 f3 92. Rc8 Kf4 93. Rc2 Rb6 94. Rc4+ Ke5 95. Rc8 Rb8 96. Rc7 Rg8 97. Kf1 Rg2
98. Re7+ Kd6 99. Rf7 Rc2 0-1

[Event "27. Open Internacional de Andorra"]
[Site "Andorra"]
[Date "2009.07.21"]
[Round "4.20"]
[White "Forestier, Carole"]
[Black "Karavade, Eesha"]
[Result "0-1"]
[WhiteElo "2111"]
[BlackElo "2386"]
[PlyCount "68"]
[EventDate "2009.07.18"]
[EventType "swiss"]
[EventRounds "9"]
[EventCountry "AND"]
[Source "lmi"]
[SourceDate "2009.07.18"]

1. d4 Nf6 2. c4 g6 3. Nc3 d5 4. cxd5 Nxd5 5. e4 Nxc3 6. bxc3 c5 7. Bc4 Bg7 8.
Ne2 Nc6 9. Be3 O-O 10. O-O Bd7 11. Rb1 Qc7 12. dxc5 Rfd8 13. Nd4 Be8 14. Nb5
Qc8 15. Qc1 Ne5 16. Bd5 Bc6 17. Rd1 a6 18. Bxc6 Qxc6 19. Na3 Qxe4 20. Rb4 Qc6
21. Rbd4 Rdc8 22. Qd2 Qe6 23. Bh6 Nc6 24. Bxg7 Kxg7 25. Rh4 h5 26. Re1 Rd8 27.
Qc1 Qf5 28. g4 Qf6 29. Rh3 Ne5 30. gxh5 Nf3+ 31. Kh1 Nxe1 32. hxg6 Qc6+ 33. f3
Rh8 34. Rg3 Nxf3 0-1

[Event "27. Open Internacional de Andorra"]
[Site "Andorra"]
[Date "2009.07.22"]
[Round "5.1"]
[White "Lopez Martinez, Josep Manuel"]
[Black "Edouard, Romain"]
[Result "1/2-1/2"]
[WhiteElo "2555"]
[BlackElo "2597"]
[PlyCount "67"]
[EventDate "2009.07.18"]
[EventType "swiss"]
[EventRounds "9"]
[EventCountry "AND"]
[Source "lmi"]
[SourceDate "2009.07.18"]

1. e4 c5 2. Nf3 d6 3. d4 cxd4 4. Nxd4 Nf6 5. Nc3 a6 6. Be3 e5 7. Nb3 Be6 8. f3
Be7 9. Qd2 O-O 10. O-O-O a5 11. Qe1 Qc8 12. a4 Na6 13. g4 Nb4 14. g5 Ne8 15.
Kb1 Nc7 16. f4 Nca6 17. Na1 exf4 18. Bxf4 Nc5 19. Bxd6 Bxd6 20. Rxd6 Rd8 21.
Qg3 Qc7 22. Rxd8+ Qxd8 23. Bb5 Qd2 24. Re1 Rc8 25. h4 g6 26. Qe3 Qh2 27. Rd1
Qxh4 28. b3 Qh2 29. Qd4 Qf4 30. Nd5 Nxd5 31. exd5 Qxd4 32. Rxd4 Bf5 33. Kb2 Rd8
34. c4 1/2-1/2

[Event "27. Open Internacional de Andorra"]
[Site "Andorra"]
[Date "2009.07.22"]
[Round "5.3"]
[White "Vernay, Clovis"]
[Black "Marin, Mihail"]
[Result "0-1"]
[WhiteElo "2463"]
[BlackElo "2583"]
[PlyCount "56"]
[EventDate "2009.07.18"]
[EventType "swiss"]
[EventRounds "9"]
[EventCountry "AND"]
[Source "lmi"]
[SourceDate "2009.07.18"]

1. d4 Nf6 2. c4 c5 3. d5 d6 4. Nc3 g6 5. e4 Bg7 6. Bd3 e5 7. Nge2 a6 8. a3 Nbd7
9. b4 O-O 10. O-O b6 11. Rb1 Nh5 12. Qc2 Qf6 13. Na4 Nf4 14. bxc5 bxc5 15. Bd2
h5 16. Rb3 h4 17. Qc1 Bh6 18. g3 Rb8 19. Rc3 Nb6 20. Nxb6 Nh3+ 21. Kg2 Bxd2 22.
Qxd2 Ng5 23. f4 Bh3+ 24. Kf2 Rxb6 25. Re1 Bg4 26. Ng1 exf4 27. gxf4 Qd4+ 28.
Kf1 Qxg1+ 0-1

[Event "27. Open Internacional de Andorra"]
[Site "Andorra"]
[Date "2009.07.22"]
[Round "5.4"]
[White "Peralta, Fernando"]
[Black "Klein, Felix"]
[Result "1-0"]
[WhiteElo "2574"]
[BlackElo "2301"]
[PlyCount "109"]
[EventDate "2009.07.18"]
[EventType "swiss"]
[EventRounds "9"]
[EventCountry "AND"]
[Source "lmi"]
[SourceDate "2009.07.18"]

1. d4 d5 2. c4 e6 3. Nf3 c6 4. e3 f5 5. Bd3 Nf6 6. O-O Bd6 7. b3 Qe7 8. Bb2 O-O
9. Qc1 Nbd7 10. Ba3 c5 11. cxd5 Nxd5 12. Nc3 Nxc3 13. Qxc3 b6 14. dxc5 bxc5 15.
e4 Bb7 16. Rae1 Kh8 17. Bc2 Qf7 18. exf5 exf5 19. Rd1 Bc7 20. Bb2 Rad8 21. Ng5
Qg6 22. Qxg7+ Qxg7 23. Bxg7+ Kxg7 24. Ne6+ Kf6 25. Nxc7 Ne5 26. f4 Nc6 27. Nd5+
Kg6 28. Ne3 Nd4 29. Bd3 Kf6 30. Kf2 Rg8 31. Rfe1 Bc6 32. Bf1 Be4 33. Rc1 Ne6
34. g3 Rd2+ 35. Re2 Rgd8 36. Nc4 Rxe2+ 37. Bxe2 Nd4 38. Ne5 Bc2 39. Nf3 Be4 40.
Ne5 Ne6 41. Ke3 Rd6 42. Rc4 Bb7 43. Ra4 a6 44. Ra5 Rd8 45. Bc4 Rd1 46. Ke2 Rh1
47. Nd7+ Ke7 48. Bxe6 Rxh2+ 49. Ke3 Bc8 50. Nxc5 Bxe6 51. Nxe6 Kxe6 52. Rxa6+
Kd5 53. Ra5+ Ke6 54. a4 Rg2 55. Kf3 1-0

[Event "27. Open Internacional de Andorra"]
[Site "Andorra"]
[Date "2009.07.22"]
[Round "5.5"]
[White "Shytaj, Luca"]
[Black "Brunello, Sabino"]
[Result "1/2-1/2"]
[WhiteElo "2455"]
[BlackElo "2547"]
[PlyCount "48"]
[EventDate "2009.07.18"]
[EventType "swiss"]
[EventRounds "9"]
[EventCountry "AND"]
[Source "lmi"]
[SourceDate "2009.07.18"]

1. e4 e5 2. Nf3 Nc6 3. Nc3 Nf6 4. Bb5 Nd4 5. Ba4 Bc5 6. Nxe5 O-O 7. Nd3 Bb6 8.
e5 c6 9. O-O Ne8 10. Ne2 Qh4 11. Nxd4 Qxd4 12. Bb3 d5 13. Qe2 Nc7 14. Ne1 Bg4
15. Nf3 Bxf3 16. Qxf3 Qxe5 17. d3 Ne6 18. c3 Bc7 19. Qh3 f5 20. f4 Qf6 21. Bd2
Rae8 22. Qf3 Re7 23. Rae1 Rfe8 24. g3 g6 1/2-1/2

[Event "27. Open Internacional de Andorra"]
[Site "Andorra"]
[Date "2009.07.22"]
[Round "5.6"]
[White "Arizmendi Martinez, Julen Luis"]
[Black "Siebrecht, Sebastian"]
[Result "1/2-1/2"]
[WhiteElo "2528"]
[BlackElo "2458"]
[PlyCount "30"]
[EventDate "2009.07.18"]
[EventType "swiss"]
[EventRounds "9"]
[EventCountry "AND"]
[Source "lmi"]
[SourceDate "2009.07.18"]

1. Nf3 d5 2. d4 Nf6 3. c4 c6 4. Nc3 a6 5. h3 dxc4 6. a4 e6 7. e3 c5 8. Bxc4 Nc6
9. O-O Be7 10. Qe2 cxd4 11. Rd1 O-O 12. exd4 Nb4 13. a5 Bd7 14. Ne5 Be8 15. Bf4
Rc8 1/2-1/2

[Event "27. Open Internacional de Andorra"]
[Site "Andorra"]
[Date "2009.07.22"]
[Round "5.7"]
[White "Spraggett, Kevin"]
[Black "Midoux, Sebastien"]
[Result "1/2-1/2"]
[WhiteElo "2606"]
[BlackElo "2331"]
[PlyCount "137"]
[EventDate "2009.07.18"]
[EventType "swiss"]
[EventRounds "9"]
[EventCountry "AND"]
[Source "lmi"]
[SourceDate "2009.07.18"]

1. c4 e5 2. Nc3 Nc6 3. g3 g6 4. Bg2 Bg7 5. d3 d6 6. e4 Nge7 7. Nge2 O-O 8. O-O
Be6 9. Nd5 Qd7 10. Be3 f5 11. Qd2 Rae8 12. Rac1 Kh8 13. b3 Ng8 14. exf5 Bxf5
15. d4 e4 16. b4 Bg4 17. b5 Nd8 18. Rfe1 c6 19. bxc6 bxc6 20. Ndc3 Nf6 21. Nf4
Qf5 22. h4 Bf3 23. Bh3 Ng4 24. Ng2 Qf6 25. Bf4 Qxd4 26. Bxg4 Bxg4 27. Qxd4 Bxd4
28. Nxe4 Nf7 29. Ne3 Rxe4 30. Nxg4 Rfe8 31. Red1 c5 32. Ne3 Bxe3 33. Bxe3 Rb8
34. Rd3 Rb4 35. Ra3 Rexc4 36. Rxc4 Rxc4 37. Rxa7 Kg7 38. a4 Kf6 39. a5 Ra4 40.
a6 Ke6 41. Ra8 Kd7 42. Ra7+ Ke6 43. Kf1 Ne5 44. Bg5 Ra1+ 45. Kg2 Nc6 46. Rxh7
Rxa6 47. Rg7 Ne5 48. Re7+ Kd5 49. f4 Ra2+ 50. Kh3 Nf3 51. Bf6 c4 52. Rc7 Nd4
53. Kg4 Ra3 54. Bxd4 Kxd4 55. f5 gxf5+ 56. Kf4 d5 57. h5 Ra1 58. Kxf5 Rf1+ 59.
Kg5 Kd3 60. h6 d4 61. h7 Rh1 62. Kg6 c3 63. Kg7 Kd2 64. h8=Q Rxh8 65. Kxh8 d3
66. g4 c2 67. g5 c1=Q 68. Rxc1 Kxc1 69. g6 1/2-1/2

[Event "27. Open Internacional de Andorra"]
[Site "Andorra"]
[Date "2009.07.22"]
[Round "5.8"]
[White "Damljanovic, Branko"]
[Black "Wiley, Tom E"]
[Result "1-0"]
[WhiteElo "2551"]
[BlackElo "2287"]
[PlyCount "59"]
[EventDate "2009.07.18"]
[EventType "swiss"]
[EventRounds "9"]
[EventCountry "AND"]
[Source "lmi"]
[SourceDate "2009.07.18"]

1. c4 c5 2. Nf3 Nc6 3. Nc3 e5 4. g3 g6 5. Bg2 Bg7 6. a3 Nge7 7. O-O O-O 8. d3
d6 9. Rb1 a5 10. Bg5 f6 11. Bd2 Be6 12. Ne1 Rb8 13. Nc2 d5 14. cxd5 Nxd5 15.
Ne3 Nde7 16. Ne4 b6 17. b4 axb4 18. axb4 Nxb4 19. Bxb4 cxb4 20. Rxb4 h6 21. Nc3
f5 22. Nb5 Qd7 23. Qb1 Nc6 24. Bxc6 Qxc6 25. Rc1 Qd7 26. Rc7 Qe8 27. Nc4 g5 28.
Qb2 Bd5 29. Rxg7+ Kxg7 30. Nc7 1-0

[Event "27. Open Internacional de Andorra"]
[Site "Andorra"]
[Date "2009.07.22"]
[Round "5.10"]
[White "Demuth, Adrien"]
[Black "Vila Gazquez, Javier"]
[Result "1/2-1/2"]
[WhiteElo "2339"]
[BlackElo "2457"]
[PlyCount "89"]
[EventDate "2009.07.18"]
[EventType "swiss"]
[EventRounds "9"]
[EventCountry "AND"]
[Source "lmi"]
[SourceDate "2009.07.18"]

1. d4 d5 2. c4 dxc4 3. Nf3 Nf6 4. e3 Bg4 5. Bxc4 e6 6. Nc3 Nbd7 7. h3 Bh5 8.
O-O Bb4 9. Qb3 c5 10. a3 Bxc3 11. bxc3 Rb8 12. Be2 O-O 13. c4 Ne4 14. Rd1 Ng5
15. Nxg5 Bxe2 16. Qc2 Qxg5 17. Qxe2 Qg6 18. Bb2 Rfe8 19. dxc5 Nxc5 20. Rd4 f6
21. Rad1 Rbc8 22. f3 h6 23. Bc3 e5 24. Rd6 e4 25. Bd4 exf3 26. Qxf3 Ne4 27. Rd7
Rxc4 28. Rxb7 Rc2 29. Bxa7 Ng5 30. Qg3 Rec8 31. Rb8 Rxb8 32. Bxb8 Qf5 33. Rf1
Ne4 34. Qf3 Qg6 35. Rd1 Kh7 36. Bf4 Rf2 37. Qg4 Qxg4 38. hxg4 Ra2 39. Rd4 Nc3
40. Kh2 Rxa3 41. Rd6 Nb5 42. Rd5 Rb3 43. e4 Rb4 44. Bd2 Rb2 45. e5 1/2-1/2

[Event "27. Open Internacional de Andorra"]
[Site "Andorra"]
[Date "2009.07.22"]
[Round "5.11"]
[White "Huerga Leache, Mikel"]
[Black "Raznikov, Danny"]
[Result "1/2-1/2"]
[WhiteElo "2456"]
[BlackElo "2270"]
[PlyCount "80"]
[EventDate "2009.07.18"]
[EventType "swiss"]
[EventRounds "9"]
[EventCountry "AND"]
[Source "lmi"]
[SourceDate "2009.07.18"]

1. e4 c5 2. Nf3 d6 3. d4 Nf6 4. Nc3 cxd4 5. Nxd4 a6 6. Be3 Nc6 7. Qd2 Nxd4 8.
Bxd4 e5 9. Be3 Be6 10. Bg5 Be7 11. O-O-O Rc8 12. Bxf6 Bxf6 13. Qxd6 Qa5 14. Nd5
Qxa2 15. Nxf6+ gxf6 16. Qb4 Qb3 17. Qxb3 Bxb3 18. Bd3 Ke7 19. Kb1 Be6 20. Rhe1
Rhg8 21. Bf1 Rgd8 22. Rxd8 Rxd8 23. Kc1 Rd4 24. Re3 Ra4 25. Re1 Kd6 26. Bd3
Ra1+ 27. Kd2 Rxe1 28. Kxe1 Kc5 29. c3 a5 30. Kd2 b5 31. Be2 Bc4 32. Bxc4 Kxc4
33. Kc2 a4 34. g4 b4 35. cxb4 Kxb4 36. f3 Kc4 37. Kd2 Kd4 38. Ke2 Kc4 39. Kd2
Kb3 40. Kc1 Kb4 1/2-1/2

[Event "27. Open Internacional de Andorra"]
[Site "Andorra"]
[Date "2009.07.22"]
[Round "5.12"]
[White "Dvirnyy, Daniyl"]
[Black "Kulkarni, Chinmay"]
[Result "1/2-1/2"]
[WhiteElo "2440"]
[BlackElo "2259"]
[PlyCount "34"]
[EventDate "2009.07.18"]
[EventType "swiss"]
[EventRounds "9"]
[EventCountry "AND"]
[Source "lmi"]
[SourceDate "2009.07.18"]

1. c4 Nf6 2. Nc3 e5 3. g3 Nc6 4. Bg2 a6 5. a3 g6 6. Nf3 Bg7 7. O-O O-O 8. d3 d6
9. Bd2 h6 10. b4 Re8 11. e4 Nd7 12. Qc1 Kh7 13. Nd5 Nf8 14. b5 Ne7 15. a4 Ne6
16. Qc2 c6 17. Nc3 f5 1/2-1/2

[Event "27. Open Internacional de Andorra"]
[Site "Andorra"]
[Date "2009.07.22"]
[Round "5.13"]
[White "Trepat Herranz, Joan"]
[Black "Zilberman, Yaacov"]
[Result "0-1"]
[WhiteElo "2269"]
[BlackElo "2439"]
[PlyCount "58"]
[EventDate "2009.07.18"]
[EventType "swiss"]
[EventRounds "9"]
[EventCountry "AND"]
[Source "lmi"]
[SourceDate "2009.07.18"]

1. d4 Nf6 2. c4 c5 3. d5 e5 4. Nc3 d6 5. e4 Be7 6. Bd3 Nbd7 7. Nge2 a6 8. O-O
O-O 9. g3 Rb8 10. a4 b6 11. f4 exf4 12. gxf4 Re8 13. Ng3 Bf8 14. Bd2 g6 15. Qf3
Bg7 16. Rae1 Rb7 17. h3 Kh8 18. Nd1 Ng8 19. Bc3 Bxc3 20. Nxc3 f6 21. h4 g5 22.
Nf5 gxf4 23. Qxf4 Ne5 24. Re3 Bxf5 25. Qxf5 Rg7+ 26. Kh1 Nh6 27. Qh3 Nhg4 28.
Re2 Reg8 29. Ree1 Nf2+ 0-1

[Event "27. Open Internacional de Andorra"]
[Site "Andorra"]
[Date "2009.07.22"]
[Round "5.14"]
[White "Shiven, Khosla"]
[Black "Wegerle, Joerg"]
[Result "0-1"]
[WhiteElo "2235"]
[BlackElo "2430"]
[PlyCount "80"]
[EventDate "2009.07.18"]
[EventType "swiss"]
[EventRounds "9"]
[EventCountry "AND"]
[Source "lmi"]
[SourceDate "2009.07.18"]

1. e4 c5 2. Nf3 a6 3. c3 e6 4. d4 d5 5. e5 Bd7 6. Bd3 Ne7 7. dxc5 Qc7 8. b4 Ng6
9. Bxg6 hxg6 10. O-O Nc6 11. Bf4 a5 12. Qd2 Be7 13. Re1 Rh5 14. Bg3 Kf8 15. a4
axb4 16. cxb4 b6 17. Rc1 bxc5 18. bxc5 Ra5 19. Nc3 Rxc5 20. Nb5 Qa5 21. Qxa5
Nxa5 22. Bf4 Nc4 23. Rab1 f6 24. exf6 gxf6 25. g4 Rh8 26. g5 fxg5 27. Bxg5 Bxg5
28. Nxg5 Ke7 29. Nf3 Kf6 30. Re1 e5 31. Nc3 Bg4 32. Nxe5 Nxe5 33. Rb6+ Kf5 34.
Rc1 d4 35. Rf6+ Kxf6 36. Ne4+ Kf5 37. Ng3+ Kf4 38. Rxc5 Rd8 39. h3 Bf3 40. Rb5
d3 0-1